| 000 | 01157cam a22003251 4500 | ||
|---|---|---|---|
| 001 | 17766 | ||
| 003 | BD-RjUL | ||
| 005 | 20211209000205.0 | ||
| 008 | 140217s1968 enk b 001 1 eng d | ||
| 035 | _a(BD-RjUL)17824 | ||
| 040 |
_aDLC _cDLC _dDLC _dBD-RjUL _beng |
||
| 041 | 1 | _aengger | |
| 082 | 0 | 0 |
_a822.33 _bCLC 1968 |
| 100 | 1 |
_aClemen, Wolfgang. _954801 |
|
| 245 | 1 | 2 |
_aA commentary on Shakespeare's Richard III : _bEnglish version [of the German / _cby Jean Bonheim. |
| 260 |
_aLondon : _bMethuen, _c1968. |
||
| 300 |
_axix, 247 p. ; _c23 cm. |
||
| 350 | _a55/- | ||
| 500 | _aAbridged translation of Kommentar zu Shakespeares Richard III. Göttinge, Vandenhoek & Ruprecht, 1957. | ||
| 504 | _aIncludes bibliographical references and Index | ||
| 600 | 1 | 0 |
_aShakespeare, William, _d1564-1616. _954823 |
| 600 | 0 | 0 |
_aRichard _cKing of England, _d1452-1485 _xIn literature. _954824 |
| 650 | 0 |
_aKings and rulers in literature. _920426 |
|
| 651 | 0 |
_aGreat Britain _xIn literature. _954804 |
|
| 700 | 1 |
_aBonheim, Jean _954805 |
|
| 942 |
_2ddc _cBK |
||
| 999 |
_c17766 _d17766 |
||